|
|
|
|
| LEADER |
00843nam a22002177a 4500 |
| 001 |
AAL4190 |
| 003 |
BD-DhAAL |
| 005 |
20160724095506.0 |
| 008 |
160724s 2001bg ||||| |||| 00| 0 ben d |
| 040 |
|
|
|a BD-DhAAL
|c BD-DhAAL
|
| 082 |
|
|
|a 150
|
| 100 |
|
|
|a কামাল, মোহিত
|9 20147
|
| 245 |
|
|
|a মানব মনের গতি-প্রকৃতি /
|c মোহিত কামাল
|
| 260 |
|
|
|a ঢাকা :
|b বিদ্যা প্রকাশ,
|c ২০০১
|
| 300 |
|
|
|a ২১৩ পৃ. ;
|c ২২ সে.মি.
|
| 541 |
|
|
|e 4190
|
| 650 |
|
|
|a Adjustment (Psychology)
|9 20148
|
| 852 |
|
|
|a Savar Campus Library
|c General Shelf
|
| 942 |
|
|
|2 ddc
|c BK
|
| 999 |
|
|
|c 37716
|d 37716
|
| 952 |
|
|
|0 0
|1 0
|2 ddc
|4 0
|6 150_000000000000000_KAM
|7 0
|9 59417
|a SCL
|b SCL
|c GEN
|d 2016-07-24
|g 140.00
|l 0
|o 150 KAM
|p 3020004190
|r 2016-07-24
|t 1
|w 2016-07-24
|y BK
|